Statistics for Countries Containing R - One Minute Sprint

Click here to take the quiz!

General Stats

  • This quiz has been taken 113 times
    (106 since last reset)
  • The average score is 21 of 91

Answer Stats

country% Correct
Russia
68%
Rwanda
63%
Argentina
61%
Germany
61%
Romania
59%
Brazil
58%
Australia
56%
Austria
56%
France
56%
Portugal
44%
Norway
41%
Ireland
39%
Andorra
37%
Algeria
36%
Burundi
34%
Greece
34%
Peru
34%
United Arab Emirates
32%
Armenia
31%
Niger
31%
Azerbaijan
29%
Central African Republic
29%
Iran
29%
Nigeria
29%
Paraguay
29%
Uruguay
29%
Bulgaria
27%
Hungary
27%
Iraq
27%
North Korea
27%
Barbados
25%
Netherlands
25%
Turkey
25%
Bahrain
24%
Brunei
24%
Ecuador
24%
Denmark
22%
Morocco
22%
Qatar
22%
South Africa
22%
South Korea
22%
Turkmenistan
22%
Belarus
20%
Democratic Republic of the Congo
20%
Dominican Republic
20%
El Salvador
20%
Eritrea
20%
Israel
20%
Antigua and Barbuda
19%
Costa Rica
19%
Saudi Arabia
19%
Ukraine
19%
Nicaragua
17%
Serbia
17%
Switzerland
17%
Trinidad and Tobago
17%
Comoros
15%
Croatia
15%
Honduras
15%
Republic of the Congo
15%
Cameroon
14%
Kyrgyzstan
14%
Luxembourg
14%
Nauru
14%
Sri Lanka
14%
Suriname
14%
Syria
14%
Bosnia and Herzegovina
12%
Burkina Faso
12%
Cyprus
12%
Grenada
12%
Jordan
12%
Kiribati
12%
Mauritania
12%
Mauritius
12%
Singapore
12%
Côte d'Ivoire
10%
Georgia
10%
Liberia
10%
Madagascar
10%
Myanmar
10%
St Vincent and the Grenadines
10%
Cabo Verde
8%
East Timor
8%
Montenegro
8%
Federated States of Micronesia
7%
San Marino
7%
Sierra Leone
7%
Equatorial Guinea
5%
Marshall Islands
3%
São Tomé and Príncipe
3%

Score Distribution

Percentile by Number Answered

Percent of People with Each Score

Your Score History

You have not taken this quiz since the last reset